000
00241nam a22001097a 4500
082
_a
297.124 SUB'A
100
_a
SUBEE SALEH, DR
_9
74632
245
_a
AALOOM-UL-HAYDIBE
260
_a
FAISAL ABAD
_b
MALIK
_c
1981
300
_a
517P
942
_c
BK
999
_c
580144
_d
580144